Paroles - Le bien qui fait mal - Mozart L'opéra Rock - Statistiques

Statistiques générales
  • Ce quiz a été pris 129 fois
  • Le résultat moyen est 218 sur 270
Statistiques - réponses
Réponse % Correct
à
99%
ce
99%
C'est
99%
c'est
99%
fait
99%
le
99%
Le
99%
ma
99%
Qui
99%
qui
99%
bien
97%
de
96%
mal
96%
tout
96%
tu
96%
La
93%
la
93%
si
93%
Si
93%
quand
90%
Quand
90%
tes
89%
Je
88%
bon
86%
larmes
85%
me
85%
souffrir
85%
et
83%
ta
83%
au
82%
donne
79%
d'où
79%
haine
79%
plaisir
79%
dans
78%
Mais
78%
par
78%
vient
78%
aimes
76%
en
76%
Les
76%
les
76%
qu'elle
75%
comme
74%
étrange
74%
j'ai
74%
J'ai
74%
Prend
74%
dérange
72%
autant
71%
fascine
71%
perdre
71%
raison
71%
douleur
69%
normale
69%
des
68%
mon
68%
peau
68%
beau
67%
couteau
65%
frissonne
65%
l'émotion
65%
coeur
64%
joie
64%
ressens
64%
supplice
64%
vers
64%
banale
63%
charme
63%
fond
63%
armes
61%
mes
61%
poignardé
61%
poison
61%
pulsions
61%
fléau
60%
j'adore
60%
l'avoir
60%
traverse
60%
violentes
60%
blessure
58%
peine
58%
délices
57%
désir
57%
Baisse
56%
devient
56%
idées
56%
j'ignore
56%
l'impression
56%
prison
56%
Succombe
54%
glisser
53%
m'enivre
53%
passent
53%
soudain
53%
folles
51%
l'âme
51%
s'envolent
51%
vrais
51%
envies
50%
Envoûté
50%
Aucun quiz correspondant
Distribution des résultats
% des personnes avec chaque résultat
Percentile par nombre de réponses
Votre historique - résultats
Vous n’avez pas pris ce quiz